MARC

LEADER 00000nam0a2200000 4500
001 259311
005 20231031220617.0
035 |a (RuTPU)RU\TPU\book\282237 
090 |a 259311 
100 |a 20140507d1959 km y0rusy50 ca 
101 1 |a rus  |c ger 
102 |a RU 
105 |a a z 001zy 
200 1 |a Металлокерамические фильтры, их изготовление, свойства и применение  |e пер. с нем.  |f К. Агте, К. Оцетек 
210 |a Ленинград  |c Судпромгиз  |d 1959 
215 |a 136 с.  |c ил. 
320 |a Библиогр.: с. 132-134. 
606 1 |a Фильтры металлокерамические  |2 stltpush  |3 (RuTPU)RU\TPU\subj\63933 
610 1 |a свойства 
610 1 |a металлические порошки 
610 1 |a изготовление 
610 1 |a спекание 
610 1 |a наполнители 
610 1 |a фильтры 
610 1 |a качество 
610 1 |a контроль 
610 1 |a фильтрация 
610 1 |a проницаемость 
610 1 |a материалы 
610 1 |a влияющие факторы 
610 1 |a регенерация 
610 1 |a применение 
675 |a 621.762  |v 3 
700 1 |a Агте  |b К.  |g Курт 
701 1 |a Оцетек  |b К.  |g Карел 
801 1 |a RU  |b 63413507  |c 20140507 
801 2 |a RU  |b 63413507  |c 20150421  |g RCR 
942 |c BK